Largest Caribbean Islands - Statistics

General Stats
  • This quiz has been taken 16,796 times
  • The average score is 7 of 20
Answers on the Map
Answers color-coded by a green-red scale on the quiz's map according to % correct below.
 
Answer Stats
km2 Island % Correct
105,806 Cuba
99%
11,188 Jamaica
95%
4,827 Trinidad
86%
76,479 Hispaniola
76%
8,896 Puerto Rico
76%
750 Dominica
71%
616 Saint Lucia
68%
1,128 Martinique
39%
848 Guadeloupe
35%
1,373 Grand Bahama
21%
2,237 Isla de la Juventud
12%
1,020 Isla Margarita
12%
647 Cozumel
9%
1,144 Great Abaco
8%
587 Grande-Terre
7%
1,543 Great Inagua
7%
3,439 North Andros
7%
1,447 South Andros
7%
743 Gonâve
6%
777 Cayo Romano
5%
No matching quizzes found
Score Distribution
Percent of People with Each Score
Percentile by Number Answered
Your Score History
You have not taken this quiz